Financial statistics of institutions of higher education. State data.

Bibliographic Details
Previous Title:Financial statistics of institutions of higher education. Current funds revenues and expenditures. State data
Corporate Author: National Center for Education Statistics
Format: Government Document Serial
Language:English
Published: Washington, D.C. : U.S. Dept. of Education, Office of Educational Research and Improvement, National Center for Education Statistics, 1978-
Series:DHEW publication ; no. (NCES)
Subjects:
Online Availability: Check for online availability

MARC

Tag First Indicator Second Indicator Subfields
LEADER 00000cas a2200000 a 4500
001 in00000797331
005 20151017082938.0
008 780512d197619uudcuar1 s f0 a0eng
010 |a  78642493  
019 |a 03990860 
022 0 |a 0161-3073 
035 |a (OCoLC)03888762 
035 |9 ADR6585AM 
037 |b Statistical Information Office, National Center for Education Statistics, 400 Maryland Ave., SW, Washington, D.C., 20202 
040 |a DLC  |c DLC  |d NSD  |d DLC  |d GPO  |d m.c.  |d OCL  |d GPO  |d DLC  |d GPO  |d NST  |d OCL  |d m/c  |d HUL  |d NST  |d HUL  |d NST  |d HUL  |d UtOrBLW 
042 |a lc  |a nsdp 
043 |a n-us--- 
049 |a TXAM 
050 0 |a LB2342  |b .N245c 
074 |a 460-A-52  |a 466-A-03 (microfiche) 
082 0 |a 378/.02/0973 
086 0 |a HE 19.316/2: 
086 0 |a ED 1.310/2: 
086 0 |a ED 1.116: 
222 0 |a Financial statistics of institutions of higher education. State data 
245 0 0 |a Financial statistics of institutions of higher education.  |p State data. 
264 1 |a Washington, D.C. :  |b U.S. Dept. of Education, Office of Educational Research and Improvement, National Center for Education Statistics,  |c 1978- 
300 |a  volumes ;  |c 26 cm. 
310 |a Annual 
336 |a text  |b txt  |2 rdacontent 
337 |a unmediated  |b n  |2 rdamedia 
338 |a volume  |b nc  |2 rdacarrier 
362 0 |a Fiscal year 1976- 
490 1 |a 1975/76-1977, DHEW publication ;  |v no. (NCES) 
515 |a Report covers fiscal year. 
550 |a Vols. for 1975/76-1977 issued by Dept. of Health, Education, and Welfare, Education Division, National Center for Education Statistics. 
500 |a Previously classed: HE 19.316/2: and edition 1.310/2:. 
650 0 |a Education, Higher  |z United States  |v Statistics. 
710 2 |a National Center for Education Statistics. 
760 0 |t DHEW publication ; no. (NCES) 
780 0 0 |t Financial statistics of institutions of higher education. Current funds revenues and expenditures. State data  |x 0148-9305  |w (DLC) 77644284  |w (OCoLC)3390590 
830 0 |a DHEW publication ;  |v no. (NCES) 
999 |a MARS 
999 f f |s c608e91c-9346-3f4e-ac1c-921bbb01b484  |i 5b467e3c-c2b0-3ff9-a8bc-deaf28251af3  |t 0 
952 f f |p normal  |a Texas A&M University  |b College Station  |c Sterling C. Evans Library  |d Evans: US Documents (Annex 5th floor)  |t 0  |e ED 1.116:  |h Superintendent of Documents classification  |i unmediated -- volume  |k 1978  |m A14838611955 
952 f f |a Texas A&M University  |b College Station  |c Sterling C. Evans Library  |d Evans: US Documents Microfiche (3rd floor)  |t 0  |e ED 1.116:  |h Superintendent of Documents classification 
998 f f |a ED 1.116:  |s 1978  |t 0  |l Evans: US Documents (Annex 5th floor) 
998 f f |a ED 1.116:  |s 1979  |t 0  |l Evans: US Documents Microfiche (3rd floor)